zpět

Detail výsledku týmu

U Jágrů, Kladno

Datum a čas kvízu

34.5 Celkem bodů Celkový počet nahraných bodů na tomto kvízu bez doplňovacích otázek.
7. Pořadí na kvízu Konečné umístění týmu na tomto kvízu.

Zaznamenané odpovědi

# Otázka Odpověď Body Výsledky
1. V masce kterého zvířete naruši... gorily 0
2. Malajsie a Indonésie se jako p... Grok 0
3. Jakub Hrůša získal minulý týde... dirigent (hudební ředitel) 1
4. Firma Mattel uvedla na trh nov... C 1
5. Půl bodu získáte za jméno česk... Jakub Menšík, oštěp 1
6. Vaším úkolem v tématu bude odh... červenou, bílou 0.5
7. Teď se podíváme na domácí fotb... tři 1
8. Pojďme na hokej. Lev v logu BK... zelená 1
9. Na základě zobrazených barev l... New York Knicks 0
10. Které americké město oslavuje... Pittsburgh 0